| 000 | 00415nam a22001577a 4500 | ||
|---|---|---|---|
| 005 | 20250812100651.0 | ||
| 008 | 250812b |||||||| |||| 00| 0 eng d | ||
| 082 |
_a820.1 _bKIN-D |
||
| 100 | _aKinney, Jeff | ||
| 245 | _aDiary Of a Wimpy Kid Dog Days / | ||
| 260 |
_aindia: _bpearson; _c2001. |
||
| 300 |
_axiv, 233 p. : _bill; _c23 cm. |
||
| 500 | _ainclude index. | ||
| 650 | _aEnglish Litreature | ||
| 999 |
_c37014 _d37014 |
||